000 00556nam a22001937a 4500
999 _c8120
_d8120
003 OSt
005 20230331150404.0
008 230331b ||||| |||| 00| 0 eng d
020 _a0443041237
040 _cDDC
082 _aWD308R 244
100 _aEdited by Harris R.W.John;Forster,M.Susie;
_916581
245 _aRecent Advances in Sexually Transmitted Diseases..
260 _aTokyo,
_bChurchill Livingstone.
_c1991.
300 _aix,275p;
_bill,
_c25cm
504 _aincludes index and references.
650 _aMedicine.
_9324
942 _2ddc
_cO_SHELF